[Event "Monteros op 7th"]
[Site "Monteros"]
[Date "2017.08.19"]
[Round "1"]
[White "Vergara, Ramon Antonio"]
[Black "Acosta, Pablo Ismael"]
[Result "0-1"]
[WhiteElo "1893"]
[BlackElo "2415"]
[PlyCount "132"]
[EventDate "2017.08.19"]
[EventType "swiss"]
[EventRounds "7"]
[EventCountry "ARG"]
[SourceTitle "EXT 2020"]
[Source "ChessBase"]
[SourceDate "2019.10.17"]
[SourceVersion "1"]
[SourceVersionDate "2019.10.17"]
[SourceQuality "1"]

1. d4 Nf6 2. Bf4 d5 3. e3 c5 4. Nf3 Nc6 5. c3 Qb6 6. Qc2 Bf5 7. dxc5 Bxc2 8. cxb6 axb6 9. Na3 Be4 10. Nb5 Kd7 11. Ne5+ Nxe5 12. Bxe5 e6 13. f3 Bg6 14. a3 Bc5 15. Nd4 Rhc8 16. Bb5+ Ke7 17. Kd2 Ng8 18. Bd3 f6 19. Bg3 Bxd3 20. Kxd3 Nh6 21. Rhe1 e5 22. Nc2 b5 23. Nd4 Bxa3 24. bxa3 exd4 25. exd4+ Kd7 26. Reb1 Ra5 27. Rb3 Nf5 28. Rab1 Nxg3 29. hxg3 Kc6 30. Re1 Kd6 31. Reb1 h5 32. Rxb5 Rxa3 33. R1b3 Rxb3 34. Rxb3 Kc6 35. Rb1 Ra8 36. Rb2 Ra1 37. Re2 Rd1+ 38. Kc2 Rg1 39. Kd3 b6 40. Rb2 Re1 41. Kd2 Rg1 42. Kd3 g5 43. Re2 g4 44. f4 Kd7 45. Kd2 b5 46. Kc2 Rf1 47. Kd2 Ra1 48. Kd3 b4 49. cxb4 Ra3+ 50. Kc2 Rxg3 51. b5 Ra3 52. Kb2 Rd3 53. b6 Rxd4 54. Kc3 Rc4+ 55. Kd3 Rb4 56. g3 Rxb6 57. Rh2 Kd6 58. Rxh5 Kc5 59. Ke3 Rb3+ 60. Kf2 Kd4 61. Rh8 Rb2+ 62. Kg1 Ke3 63. Ra8 d4 64. Ra6 d3 65. Rxf6 d2 66. Re6+ Kf3 0-1

[Event "ARG-ch sf 92nd"]
[Site "Buenos Aires"]
[Date "2017.07.15"]
[Round "6"]
[White "Nejanky, Maisa"]
[Black "Vergara, Ramon Antonio"]
[Result "1-0"]
[WhiteElo "2045"]
[BlackElo "1892"]
[PlyCount "65"]
[EventDate "2017.07.10"]
[EventType "swiss"]
[EventRounds "9"]
[EventCountry "ARG"]
[SourceTitle "EXT 2018"]
[Source "ChessBase"]
[SourceDate "2017.10.13"]
[SourceVersion "1"]
[SourceVersionDate "2017.10.13"]
[SourceQuality "1"]

1. e4 c6 2. d4 d5 3. e5 c5 4. dxc5 Nc6 5. Nf3 Bg4 6. Bb5 e6 7. b4 Nge7 8. Bb2 a6 9. Ba4 Qc7 10. Nbd2 0-0-0 11. a3 h6 12. 0-0 g5 13. Re1 Bg7 14. Qe2 Ng6 15. Bxc6 Qxc6 16. Nd4 Bxe2 17. Nxc6 bxc6 18. Rxe2 h5 19. Bd4 g4 20. f3 Bh6 21. fxg4 hxg4 22. g3 Bxd2 23. Rxd2 Ne7 24. a4 Nf5 25. c3 Rh3 26. b5 a5 27. bxc6 Rdh8 28. Rb1 R8h7 29. Rdb2 Kc7 30. Rb7+ Kc8 31. Rb8+ Kc7 32. R1b7+ Kxc6 33. Ra7 1-0

[Event "ARG-ch sf 92nd"]
[Site "Buenos Aires"]
[Date "2017.07.14"]
[Round "5"]
[White "Vergara, Ramon Antonio"]
[Black "Lopez Ortiz, Juan"]
[Result "0-1"]
[WhiteElo "1892"]
[BlackElo "2097"]
[PlyCount "69"]
[EventDate "2017.07.10"]
[EventType "swiss"]
[EventRounds "9"]
[EventCountry "ARG"]
[SourceTitle "EXT 2018"]
[Source "ChessBase"]
[SourceDate "2017.10.13"]
[SourceVersion "1"]
[SourceVersionDate "2017.10.13"]
[SourceQuality "1"]

1. d4 f5 2. Bg5 c6 3. Nf3 Qb6 4. Bc1 Nf6 5. c4 g6 6. Nc3 Bg7 7. e3 0-0 8. Bd3 d6 9. 0-0 Nbd7 10. Ng5 Nb8 11. c5 Qc7 12. Qb3+ d5 13. f3 h6 14. Nh3 e5 15. dxe5 Qxe5 16. Nf4 Qe8 17. e4 Nbd7 18. exd5 Nxc5 19. Qc4 Nxd3 20. dxc6+ Kh8 21. Qxd3 bxc6 22. Bd2 g5 23. Rae1 Qf7 24. Nfe2 Be6 25. Qc2 Rad8 26. Be3 Ng8 27. Bc5 Rfe8 28. Rd1 Bc4 29. Rfe1 Qe6 30. Kf2 Qe5 31. Bxa7 c5 32. Ng3 Qd4+ 33. Rxd4 Bxd4+ 34. Re3 Rxe3 35. Qa4 0-1

[Event "ARG-ch sf"]
[Site "Vicente Lopez"]
[Date "2016.07.01"]
[Round "8"]
[White "Vergara, Ramon Antonio"]
[Black "Zamani, Andres"]
[Result "1-0"]
[WhiteElo "1986"]
[BlackElo "2071"]
[PlyCount "69"]
[EventDate "2016.06.25"]
[EventType "swiss"]
[EventRounds "9"]
[EventCountry "ARG"]
[SourceTitle "CBM 173 Extra"]
[Source "ChessBase"]
[SourceDate "2016.08.29"]
[SourceVersion "1"]
[SourceVersionDate "2016.08.29"]
[SourceQuality "1"]

1. Nf3 g6 2. e4 c5 3. c3 Bg7 4. Bc4 Qc7 5. 0-0 e6 6. Re1 Nc6 7. Na3 a6 8. d4 b5 9. Bf1 d6 10. dxc5 dxc5 11. Be3 c4 12. Nc2 Nge7 13. a4 Bb7 14. axb5 axb5 15. Rxa8+ Bxa8 16. Nfd4 Nxd4 17. Nxd4 Qd7 18. Bg5 f6 19. Bh4 e5 20. Nc2 Qxd1 21. Rxd1 Bxe4 22. Na3 Nf5 23. Nxb5 g5 24. Bg3 h5 25. f3 Ne3 26. Re1 Bc6 27. Nd6+ Ke7 28. Rxe3 Kxd6 29. Bxc4 h4 30. Bf2 h3 31. Rd3+ Kc7 32. g4 Ra8 33. Bc5 Ra4 34. b4 Bd7 35. Rxd7+ 1-0

[Event "ARG-ch sf"]
[Site "Vicente Lopez"]
[Date "2016.06.30"]
[Round "7"]
[White "Vergara, Ramon Antonio"]
[Black "Romanelli, Gabriel Adrian"]
[Result "0-1"]
[WhiteElo "1986"]
[BlackElo "2120"]
[PlyCount "66"]
[EventDate "2016.06.25"]
[EventType "swiss"]
[EventRounds "9"]
[EventCountry "ARG"]
[SourceTitle "CBM 173 Extra"]
[Source "ChessBase"]
[SourceDate "2016.08.29"]
[SourceVersion "1"]
[SourceVersionDate "2016.08.29"]
[SourceQuality "1"]

1. e4 c6 2. d4 d5 3. exd5 cxd5 4. Bd3 Nc6 5. c3 Qc7 6. h3 e5 7. dxe5 Nxe5 8. Bc2 Be6 9. Ne2 Nf6 10. Bg5 Be7 11. Nd4 0-0 12. Qe2 Bd7 13. Nd2 Rfe8 14. 0-0 a6 15. N2f3 Ng6 16. Qd3 Ne4 17. Bxe7 Rxe7 18. Qd1 Rae8 19. Bxe4 dxe4 20. Nh2 Nf4 21. Kh1 Qe5 22. Rg1 h5 23. Qd2 g5 24. Rae1 Qg7 25. Re3 f5 26. h4 g4 27. Ree1 Nd3 28. Rb1 f4 29. Nhf3 g3 30. Rbf1 gxf2 31. Rxf2 Qg3 32. Rff1 Rg7 33. Ng5 Rxg5 0-1